000
00186 a2200097 4500
020
_a
9780152168148
041
_a
eng
100
_a
Ehlert, lois
245
_a
Dia de mercado
942
_c
BK
999
_c
11245
_d
11245